|
|
|
|
| LEADER |
00000cam a2200000 7i4500 |
| 001 |
0000038758 |
| 005 |
20131120.0 |
| 008 |
131120 |
| 020 |
|
|
|a 9674282189
|
| 090 |
0 |
0 |
|a 297.273
|b SAI
|
| 100 |
1 |
|
|a Sa'id Abdul Azhim
|
| 245 |
1 |
0 |
|a Kaya harta & kaya hati
|c Dr. Sa'id Abdul Azhim
|
| 260 |
|
|
|a KL :
|b Synergy Media ,
|c [s.n]
|
| 650 |
|
0 |
|a Economics religious
|x Aspects Islam
|
| 650 |
|
0 |
|a Muslim conduct of life
|
| 650 |
|
0 |
|a Wealth religious aspects Islam
|
| 999 |
|
|
|a 0001245714
|b Book
|c Adult Collection
|e Cawangan Mersing
|
| 999 |
|
|
|a 0001245719
|b Book
|c Adult Collection
|e Cawangan Pontian
|
| 999 |
|
|
|a 0001245721
|b Book
|c Adult Collection
|e Cawangan Bukit Gambir
|
| 999 |
|
|
|a 0001245722
|b Book
|c Adult Collection
|e Cawangan Tangkak
|
| 999 |
|
|
|a 0001245723
|b Book
|c Adult Collection
|e Cawangan Muar
|
| 999 |
|
|
|a 0001245724
|b Book
|c Adult Collection
|e Cawangan Bandar Tenggara
|
| 999 |
|
|
|a 0001249079
|b Book
|c Adult Collection
|e Perbadanan Perpustakaan Awam Johor
|
| 999 |
|
|
|a 0001249080
|b Book
|c Adult Collection
|e Perbadanan Perpustakaan Awam Johor
|
| 999 |
|
|
|a 0001249081
|b Book
|c Adult Collection
|e Cawangan Urban Transformation Centre
|